Statystyki dla Najbogatsze firmy świata

Kliknij tutaj aby rozwiązać quiz!

Ogólne statystyki

  • Ten quiz został rozwiązany 63 razy
  • Średni wynik to 5 z 15

Statystyki odpowiedzi

Ranga$Firma% Poprawnych
1910 mldApple
86%
4740 mldMicrosoft
81%
3765 mldAmazon
76%
2805 mldGoogle
67%
6534 mldFacebook
67%
13327 mldSamsung
64%
8484 mldAlibaba
12%
5537 mldTencent
5%
14318 mldExxon Mobil
5%
15279 mldWells Fargo
3%
9398 mldJP Morgan Chase
2%
10357 mldICBC
2%
11345 mldJohnson & Johnson
2%
12329 mldBank of America
2%
7505 mldBerkshire Hathaway
0%

Rozkład punktacji

Percentyl według liczby udzielonych odpowiedzi

Procent ludzi z każdym wynikiem

Twoja historia wyników

Nie rozwiązałeś tego quizu